000 01015nam0a22002531 4500
001 rc\4601741
005 20250611203903.0
035 _a(NLR Aleph) 008389203
090 _a9166616
_c9166616
100 _a20130416d1963 |||y0rusy50 ca
101 0 _arus
102 _aRU
105 _aa z |||||
200 1 _aПолуавтомат для заточки дисковых прорезных фрез
_fГос. Ком. Совета Министров РСФСР. по координации науч.-исслед. работ. Гос. науч.-исслед. ин-т науч. и техн. информации
210 _aМосква
_cБ. и.
_d1963
215 _a8 с.
_cил.
_d14
225 1 _aПередовой научно-технический и производственный опыт
_v№ 14-63-816/38
700 1 _aМозгунов
_bА.С.
701 1 _aЗарубин
_bС.С.
801 0 _aRU
_bNLR
_gpsbo
801 1 _aRU
_bELAR
_2rusmarc
852 _aNLR
_jП11/2295
942 _cBOOK
980 _aNB